书目信息 |
| 题名: |
第代着冬小说散文选
|
|
| 作者: | 第代着冬 著 | |
| 分册: | ||
| 出版信息: | 北京 民族出版社 2008.08 |
|
| 页数: | 13, 388页 | |
| 开本: | 21cm | |
| 丛书名: | 当代中国少数民族作家文库 | |
| 单 册: | ||
| 中图分类: | I217.2 | |
| 科图分类: | ||
| 主题词: | 小说--xiao shuo--中国--现代--选集 , 散文--san wen--中国--现代--选集 | |
| 电子资源: | ||
| ISBN: | 978-7-105-09095-2 | |
| 000 | 01133nam 2200277 450 | |
| 001 | 012010690500 | |
| 005 | 20100106180005.03 | |
| 010 | @a978-7-105-09095-2@dCNY40.00 | |
| 100 | @a20100106d2008 em y0chiy0120 ea | |
| 101 | 0 | @achi |
| 102 | @aCN@b110000 | |
| 105 | @ay z 000zy | |
| 106 | @ar | |
| 200 | 1 | @a第代着冬小说散文选@Adi dai zhe dong xiao shuo san wen xuan@d= Selected fictions and proses of Didaizhuodong@f第代着冬著@Fdi dai zhe dong zhu@zeng |
| 210 | @a北京@c民族出版社@d2008.08 | |
| 215 | @a13, 388页@d21cm | |
| 225 | 2 | @a当代中国少数民族作家文库@Adang dai zhong guo shao shu min zu zuo jia wen ku@i苗族作家作品选集 |
| 330 | @a本书收有小说、散文等文学作品,包括“南方”、“悼念老皮”、“山影”、“七月八”等。本书内容丰富,通俗易懂,可读性强。 | |
| 410 | 0 | @12001 @a当代中国少数民族作家文库@i苗族作家作品选集 |
| 510 | 1 | @aSelected fictions and proses of Didaizhuodong@zeng |
| 606 | 0 | @a小说@Axiao shuo@y中国@z现代@j选集 |
| 606 | 0 | @a散文@Asan wen@y中国@z现代@j选集 |
| 690 | @aI217.2@v4 | |
| 701 | 0 | @a第代着冬@Adi dai zhe dong@4著 |
| 801 | 0 | @aCN@bQSSK@c20100106 |
| 905 | @b771888-89@dI217.2@eD421@f2 | |
| 第代着冬小说散文选= Selected fictions and proses of Didaizhuodong/第代着冬著.-北京:民族出版社,2008.08 |
| 13, 388页;21cm.-(当代中国少数民族作家文库.苗族作家作品选集) |
| ISBN 978-7-105-09095-2:CNY40.00 |
| 本书收有小说、散文等文学作品,包括“南方”、“悼念老皮”、“山影”、“七月八”等。本书内容丰富,通俗易懂,可读性强。 |
| ● |
| 相关链接 |
|
|
|
正题名:第代着冬小说散文选
索取号:I217.2/D421
 
预约/预借
| 序号 | 登录号 | 条形码 | 馆藏地/架位号 | 状态 | 备注 |
| 1 | 771888 | 207718889 | 文学库108/108文学库 15排2列5层/ [索取号:I217.2/D421] | 在馆 | |
| 2 | 771889 | 207718898 | 文学库108/108文学库 15排2列5层/ [索取号:I217.2/D421] | 在馆 |